|
|
|
|
| LEADER |
00000nam0a2200000 4500 |
| 001 |
124311 |
| 005 |
20250523110045.0 |
| 035 |
|
|
|a (RuTPU)RU\TPU\book\134542
|
| 090 |
|
|
|a 124311
|
| 100 |
|
|
|a 20071030d1983 m y0rusy50 ca
|
| 101 |
0 |
|
|a rus
|
| 102 |
|
|
|a RU
|
| 105 |
|
|
|a a z 000zy
|
| 200 |
1 |
|
|a Земля молодости
|f В. Г. Кудрявцев
|
| 210 |
|
|
|a Москва
|c Физкультура и спорт
|d 1983
|
| 215 |
|
|
|a 271 с.
|c ил.
|
| 333 |
|
|
|a Исключено из фонда НТБ ТПУ
|
| 610 |
1 |
|
|a физкультура
|
| 610 |
1 |
|
|a спорт
|
| 610 |
1 |
|
|a земля
|
| 610 |
1 |
|
|a молодость
|
| 610 |
1 |
|
|a Советский Союз
|
| 610 |
1 |
|
|a история
|
| 610 |
1 |
|
|a фото
|
| 675 |
|
|
|a 79
|v 3
|
| 700 |
|
1 |
|a Кудрявцев
|b В. Г.
|g Валерий Георгиевич
|
| 801 |
|
1 |
|a RU
|b 63413507
|c 20071030
|g PSBO
|
| 850 |
|
|
|a 63413507
|
| 942 |
|
|
|c BK
|